000 00996nam0a22002891 4500
001 rc\3909529
005 20190517160709.0
035 _a(NLR Aleph) 007909609
090 _a8089221
_c8089221
100 _a20130415d1956 |||y0rusy50 ca
101 0 _arus
102 _aRU
105 _ay z |||c|
200 1 _aДирижер Константин Иванов
_eКраткий очерк
_fМоск. гос. филармония
210 _a[Москва
_cБ. и.
_d1956]
215 _a23 с.
_d17
225 1 _aВ помощь слушателям концертов
300 _aНа обл. авт. не указаны
700 1 _aАнисимова
_bВ.
701 1 _aКузнецова
_bВ.
702 1 _aИванов
_bК. К.
_cдирижер
_f1907-1984
_gКонстантин Константинович
_3RU\NLR\AUTH\770206002
_4570
801 0 _aRU
_bNLR
_gpsbo
801 1 _aRU
_bELAR
_2rusmarc
852 _aNLR
_jИс80 Г-2/398
942 _cBOOK
980 _aNB